000
00273 a2200109 4500
001
62891
082
_a
629-13431DON
090
_c
37245
_d
37245
100
_a
Donaldson,B.K
245
_a
Analysis of Aircraft Structures:An Introduction
260
_a
NY
_b
McGraw-Hill
_c
1993
942
_a
NUST-CAE
_k
629-13431DON
999
_c
297964
_d
297964